书目信息 |
| 题名: |
钢结构工程质量监督与控制
|
|
| 作者: | 吴婧姝 , 陈李华 , 张心斌 编著 | |
| 分册: | ||
| 出版信息: | 北京 中国建材工业出版社 2015.03 |
|
| 页数: | 188页 | |
| 开本: | 24cm | |
| 丛书名: | ||
| 单 册: | ||
| 中图分类: | TU391.03 | |
| 科图分类: | ||
| 主题词: | 钢结构--gang jie gou--结构工程--工程质量--质量控制 , 钢结构--gang jie gou--结构工程--工程质量监督 | |
| 电子资源: | ||
| ISBN: | 978-7-5160-1145-4 | |
| 000 | 01063nam0 2200277 450 | |
| 001 | CAL 0120151540896 | |
| 005 | 20150826165320.17 | |
| 010 | @a978-7-5160-1145-4@dCNY46.80 | |
| 100 | @a20150508d2015 em y0chiy50 ea | |
| 101 | 0 | @achi |
| 102 | @aCN@b110000 | |
| 105 | @aak z 000yy | |
| 106 | @ar | |
| 200 | 1 | @a钢结构工程质量监督与控制@Agang jie gou gong cheng zhi liang jian du yu kong zhi@f张心斌, 吴婧姝, 陈李华编著 |
| 210 | @a北京@c中国建材工业出版社@d2015.03 | |
| 215 | @a188页@c图@d24cm | |
| 330 | @a本书主要内容包括钢结构工程质量监督与控制、钢结构紧固件质量控制与监督、钢结构组装工程施工质量控制、钢构件预拼装工程施工质量控制、钢结构安装质量控制、钢结构涂装工程施工质量控制等。 | |
| 586 | @a | |
| 606 | 0 | @a钢结构@Agang jie gou@x结构工程@x工程质量@x质量控制 |
| 606 | 0 | @a钢结构@Agang jie gou@x结构工程@x工程质量监督 |
| 690 | @aTU391.03@v5 | |
| 701 | 0 | @a吴婧姝@Awu jing shu@4编著 |
| 701 | 0 | @a陈李华@Achen li hua@4编著 |
| 701 | 0 | @a张心斌@Azhang xin bin@4编著 |
| 801 | 0 | @aCN@c20150820 |
| 905 | @a河南城建学院图书馆@dTU391.03@eZ210@f3 | |
| 钢结构工程质量监督与控制/张心斌, 吴婧姝, 陈李华编著.-北京:中国建材工业出版社,2015.03 |
| 188页:图;24cm |
| ISBN 978-7-5160-1145-4:CNY46.80 |
| 本书主要内容包括钢结构工程质量监督与控制、钢结构紧固件质量控制与监督、钢结构组装工程施工质量控制、钢构件预拼装工程施工质量控制、钢结构安装质量控制、钢结构涂装工程施工质量控制等。 |
| ● |
| 相关链接 |
|
|
|
正题名:钢结构工程质量监督与控制
索取号:TU391.03/Z210
 
预约/预借
| 序号 | 登录号 | 条形码 | 馆藏地/架位号 | 状态 | 备注 |
| 1 | 1233433 | 212334339 | 建筑库101/101建筑库 90排3列5层/ [索取号:TU391.03/Z210] | 在馆 | |
| 2 | 1233434 | 212334348 | 建筑库101/101建筑库 90排3列5层/ [索取号:TU391.03/Z210] | 在馆 | |
| 3 | 1233435 | 212334357 | 建筑库101/101建筑库 90排3列5层/ [索取号:TU391.03/Z210] | 在馆 |